000 00546nam a22001937a 4500
005 20251108165002.0
008 250721s1965 xx 000 0 ara d
082 1 4 _a923.5/عقب
100 1 _aخطاب، محمود شيت
245 1 0 _aعقبة بن نافع الفهرى /
264 1 _aبغداد :
_bمطبعة العاني،
_c1965.
300 _a80ص
650 1 7 _aالقادة العسكريون
650 1 7 _aالتراجم
650 1 7 _aالعهد الأموي
650 1 7 _aالأسلحة
942 _2ddc
_cBK
999 _c19141
_d19141